Southville International School and Colleges
Your cart is empty.
  • Cart
  • Lists
    Public lists Eva Luna New books Lux_list list_1
    Your lists Log in to create your own lists
  • Log in to your account
  • Your cookies
  • Search history
Southville International School and Colleges
  • Advanced search
  • Recent comments
  • Most popular
  • Libraries

Log in to your account

Log in with GOOGLE


If you do not have an external account, but do have a local account, you can still log in:

  1. Home
  2. MARC view: Tourism Marketing :
Normal view MARC view ISBD view

Tourism Marketing : (Record no. 39277)

[ view plain ]
MARC details
000 -LEADER
fixed length control field 00532nam a2200181 a 4500
005 - DATE AND TIME OF LATEST TRANSACTION
control field 20140311163004.0
008 - FIXED-LENGTH DATA ELEMENTS--GENERAL INFORMATION
fixed length control field 030917s19uu xx 00 eng d
020 ## - INTERNATIONAL STANDARD BOOK NUMBER
International Standard Book Number 0826453368
050 ## - LIBRARY OF CONGRESS CALL NUMBER
Classification number G 155.A1
Item number .T727 2002
245 ## - TITLE STATEMENT
Title Tourism Marketing :
Remainder of title Quality and service management perspectives /
Statement of responsibility, etc Edited by Eric Laws.
260 ## - PUBLICATION, DISTRIBUTION, ETC. (IMPRINT)
Place of publication, distribution, etc London :
Name of publisher, distributor, etc Continuum,
Date of publication, distribution, etc 2002.
300 ## - PHYSICAL DESCRIPTION
Extent xiv,242 p. :
Other physical details ill. ;
Dimensions 24 cm.
500 ## - GENERAL NOTE
General note Includes Index
521 ## - TARGET AUDIENCE NOTE
Target audience note
650 ## - SUBJECT ADDED ENTRY--TOPICAL TERM
Topical term or geographic name as entry element Tourism
General subdivision Marketing
942 ## - ADDED ENTRY ELEMENTS (KOHA)
Koha item type Books
Source of classification or shelving scheme Library of Congress Classification
Call number prefix Foreign
Holdings
Withdrawn status Lost status Source of classification or shelving scheme Damaged status Home library Current library Shelving location Date acquired Source of acquisition Cost, normal purchase price Total Checkouts Full call number Barcode Date last seen Copy number Price effective from Koha item type
    Library of Congress Classification   College Library College Library General Circulation Section 07/26/2010   2787.00   G 155.A1 .T727 2002 C4097 05/15/2018 1 10/10/2013 Books

Tourism Marketing :

APA

(2002). Tourism Marketing. London: Continuum.

Chicago

2002. Tourism Marketing. London: Continuum.

Harvard

(2002). Tourism Marketing. London: Continuum.

MLA

Tourism Marketing. London: Continuum. 2002.

  • Place hold
  • Print
  • Cite
  • Add to your cart (remove)
  • Save record
    BIBTEX Dublin Core MARCXML MARC (non-Unicode/MARC-8) MARC (Unicode/UTF-8) MARC (Unicode/UTF-8, Standard) MODS (XML) RIS
  • More searches
    Search for this title in:
    Other Libraries (WorldCat) Other Databases (Google Scholar) Online Stores (Bookfinder.com) Open Library (openlibrary.org)

Exporting to Dublin Core...

SOUTHVILLE LIBRARY

Southville International School and Colleges Library

1281 Tropical Ave. Cor. Luxembourg St., BF Homes International, Las Pinas City

Tel. No. 8256374 / 252358 Loc. 117/146

Powered by Koha